Contexto de la evaluación de la educación superior en América Latina (Record no. 64960)

MARC details
000 -CABECERA
campo de control de longitud fija 00617nam a2200205 a 4500
005 - FECHA Y HORA DE LA ÚLTIMA TRANSACCIÓN
campo de control 20240203063630.0
008 - ELEMENTOS DE LONGITUD FIJA--INFORMACIÓN GENERAL
campo de control de longitud fija 991125n 000 0 spa u
035 ## - NÚMERO DE CONTROL DEL SISTEMA
Número de control de sistema UPN01000069384
100 1# - ASIENTO PRINCIPAL--NOMBRE PERSONAL
Nombre de persona Mendoza Rojas, Javier
9 (RLIN) 29304
222 ## - TÍTULO CLAVE
Título clave REVISTA DE LA EDUCACION SUPERIOR
245 ## - MENCIÓN DE TÍTULO
Título Contexto de la evaluación de la educación superior en América Latina
300 ## - DESCRIPCIÓN FÍSICA
Extensión 7-16
362 0# - FECHAS DE PUBLICACIÓN Y/O DESIGNACIÓN SECUENCIAL
Fecha de publicación y/o designación secuencial 1993 Vol. 22, no. 4(88), oct.-dic.
653 0# - TERMINO DE INDIZACION - NO CONTROLADO
Término no controlado AMERICA LATINA
653 0# - TERMINO DE INDIZACION - NO CONTROLADO
Término no controlado CRITERIOS DE EVALUACION
653 0# - TERMINO DE INDIZACION - NO CONTROLADO
Término no controlado EDUCACION SUPERIOR
653 0# - TERMINO DE INDIZACION - NO CONTROLADO
Término no controlado ESTUDIOS DE POSGRADO
904 ## - ELEMENTOS DE DATOS D LOCAL, LDD (RLIN)
a AC
b 007195
905 ## - TIPO DE MATERIAL
Tipo de material Articulo

No items available.